| 000 | 00387nam a2200145Ia 4500 | ||
|---|---|---|---|
| 008 | 140626s9999 xx 000 0 und d | ||
| 100 | _aSarmiento, Gloria. | ||
| 245 |
_aManaging K+12 educational system / _cGloria Sarmiento. |
||
| 260 | _cc2012. | ||
| 300 | _a61 : 7, page 244 | ||
| 440 | _aThe Modern Teacher | ||
| 521 | _aSPED | ||
| 650 | _aK+12 educational system. | ||
| 942 | _cSE | ||
| 999 |
_c120985 _d120985 |
||